Catálogo
 En Linea

Margarita Maza de Juarez : (Registro nro. 7288)

Detalles MARC
000 -CABECERA
campo de control de longitud fija 00702cam a2200181 a 4500
001 - NÚMERO DE CONTROL
campo de control 000007507
005 - FECHA Y HORA DE LA ÚLTIMA TRANSACCIÓN
campo de control 20200929154207.0
008 - DATOS DE LONGITUD FIJA--INFORMACIÓN GENERAL
campo de control de longitud fija 831201s1972 mx a 000 0 spa d
040 ## - FUENTE DE LA CATALOGACIÓN
Centro catalogador/agencia de origen DO-SdBNP
Lengua de catalogación spa
Centro/agencia transcriptor BNPHU
050 00 - SIGNATURA TOPOGRÁFICA DE LA BIBLIOTECA DEL CONGRESO
Número de clasificación F1233.M4696
Número de documento/Ítem M4
082 ## - NÚMERO DE LA CLASIFICACIÓN DECIMAL DEWEY
Número de clasificación xx
Número de documento/Ítem xx
100 1# - ENTRADA PRINCIPAL--NOMBRE DE PERSONA
Nombre de persona Mendieta Alatorre, Angeles.
9 (RLIN) 20845
245 10 - MENCIÓN DE TÍTULO
Título Margarita Maza de Juarez :
Resto del título epistolario, antología, iconografía e efemérides /
Mención de responsabilidad, etc. Angeles Mendieta Alatorre.
260 ## - PUBLICACIÓN, DISTRIBUCIÓN, ETC.
Lugar de publicación, distribución, etc. México :
Nombre del editor, distribuidor, etc. Comision Nacional para la Conmemoración del Centenario del Fallecimiento de Don Benito Juárez,
Fecha de publicación, distribución, etc. 1972.
300 ## - DESCRIPCIÓN FÍSICA
Extensión 238 p. :
Otras características físicas il. ;
Dimensiones 20 cm.
504 ## - NOTA DE BIBLIOGRAFÍA, ETC.
Nota de bibliografía, etc. Bibliografía : 235-238 p.
600 10 - PUNTO DE ACCESO ADICIONAL DE MATERIA--NOMBRE DE PERSONA
Nombre de persona Maza de Juarez, Margarita,
Fechas asociadas al nombre 1826-1871.
9 (RLIN) 20846
Existencias
Estado de retiro Estado de pérdida Restricciones de uso No para préstamo Código de colección Localización permanente Ubicación/localización actual Ubicación en estantería Fecha de adquisición Número de inventario Total de préstamos Signatura topográfica completa Código de barras Fecha visto por última vez Precio válido a partir de Tipo de ítem Koha
        Monografías: Libros y Folletos General General En catalogación 08.09.2009 LF1   xx xx 7507-10 25.06.2020 25.06.2020 Préstamo en sala

Con tecnología Koha